Spoleczno-ekonomiczne problemy migracji ludnosci Warszawy i Pragi praca zbiorowa

Gespeichert in:
Bibliographische Detailangaben
Format: Buch
Sprache:Polnisch
Veröffentlicht: Warszawa Szkola Glówna planowania i statystyki 1984
Schriftenreihe:Monografie i opracowania 135
Tags: Tag hinzufügen
Keine Tags, Fügen Sie das erste Tag hinzu!

MARC

LEADER 00000nam a2200000 4500
001 c106739
005 20250630093620.2
041 0 |a pol 
044 |a PL 
245 1 0 |a Spoleczno-ekonomiczne problemy migracji ludnosci Warszawy i Pragi  |b praca zbiorowa  |c Red. Zbigniew Strzelecki 
264 1 |a Warszawa  |b Szkola Glówna planowania i statystyki  |c 1984 
300 |a 244 s. 
490 1 |a Monografie i opracowania  |v 135 
830 0 |a Monografie i opracowania  |v 135